[Event "Aeroflot Open A"]
[Site "Moscow RUS"]
[Date "2011.02.13"]
[Round "6"]
[White "Sutovsky, Emil"]
[Black "Jumabayev, Rinat"]
[Result "1/2-1/2"]
[WhiteTitle "GM"]
[BlackTitle "GM"]
[WhiteElo "2695"]
[BlackElo "2555"]
[WhiteFideId "2802007"]
[BlackFideId "13702661"]
[EventDate "2011.02.08"]

1. e4 e5 2. Nf3 Nc6 3. Bb5 Nf6 4. O-O Nxe4 5. d4 Nd6 6. Bxc6 dxc6 7. dxe5 Nf5 8.
Qxd8+ Kxd8 9. h3 Ke8 10. Nc3 h5 11. Bf4 Be7 12. Rad1 Bd7 13. Ne4 Rd8 14. Nfg5
Bc8 15. e6 f6 16. Rxd8+ Bxd8 17. Nf7 Rg8 18. Nxd8 Kxd8 19. g4 hxg4 20. hxg4 Nd6
21. Bxd6 cxd6 22. Nxd6 Bxe6 23. Nxb7+ Kc7 24. Re1 Bxa2 25. Re7+ Kb6 26. b3 Bb1
27. c3 Rb8 28. Nd6 Kc5 29. Nb7+ Kb6 30. Nd6 Kc5 31. Nb7+ Kb6 1/2-1/2

[Event "Aeroflot Open A"]
[Site "Moscow RUS"]
[Date "2011.02.13"]
[Round "6"]
[White "So, Wesley"]
[Black "Nechepurenko, Roman V."]
[Result "1/2-1/2"]
[WhiteTitle "GM"]
[BlackTitle "FM"]
[WhiteElo "2673"]
[BlackElo "2546"]
[WhiteFideId "5202213"]
[BlackFideId "4151119"]
[EventDate "2011.02.08"]

1. d4 d6 2. Nf3 Nf6 3. c4 Nbd7 4. Nc3 e5 5. g3 c6 6. Bg2 Be7 7. O-O O-O 8. Qc2
Qc7 9. b4 Re8 10. Bb2 Bf8 11. Rac1 exd4 12. Nxd4 Qb6 13. Ne4 Qxb4 14. Ba1 Qa5
15. Rfd1 Qh5 16. Nxf6+ Nxf6 17. Nf3 Ng4 18. Rd4 Ne5 19. Qb3 Rb8 20. Rh4 Qg6 21.
Bd4 c5 22. Nxe5 dxe5 23. Qb5 Bf5 24. Bxc5 Bxc5 25. Qxc5 Qf6 26. Qxa7 g5 27. Re4
Bxe4 28. Bxe4 Ra8 1/2-1/2

[Event "Aeroflot Open A"]
[Site "Moscow RUS"]
[Date "2011.02.13"]
[Round "6"]
[White "El Debs, Felipe de Cresce"]
[Black "Korobov, Anton"]
[Result "1/2-1/2"]
[WhiteTitle "GM"]
[BlackTitle "GM"]
[WhiteElo "2499"]
[BlackElo "2670"]
[WhiteFideId "2106981"]
[BlackFideId "14105730"]
[EventDate "2011.02.08"]

1. Nf3 d5 2. d4 Nf6 3. c4 e6 4. g3 Bb4+ 5. Bd2 Be7 6. Bg2 O-O 7. O-O Nc6 8. Qc2
Ne4 9. Rd1 f5 10. Nc3 Bf6 11. Be1 a6 12. cxd5 exd5 13. Ne5 Ne7 14. Rac1 c6 15.
Qb3 Kh8 16. Na4 a5 17. f3 Nd6 18. Qb6 Ng6 19. f4 Ne4 20. Qxd8 1/2-1/2

[Event "Aeroflot Open A"]
[Site "Moscow RUS"]
[Date "2011.02.13"]
[Round "6"]
[White "Vorobiov, Evgeny E."]
[Black "Lysyj, Igor"]
[Result "0-1"]
[WhiteTitle "GM"]
[BlackTitle "GM"]
[WhiteElo "2556"]
[BlackElo "2635"]
[WhiteFideId "4121341"]
[BlackFideId "4150120"]
[EventDate "2011.02.08"]

1. d4 Nf6 2. c4 e6 3. Nf3 b6 4. a3 Bb7 5. Nc3 Ne4 6. Nxe4 Bxe4 7. Nd2 Bg6 8. g3
Nc6 9. e3 e5 10. d5 Na5 11. h4 h6 12. e4 Bd6 13. Bd3 Nb7 14. Bc2 a5 15. b3 Qe7
16. Bb2 h5 17. Qe2 Nc5 18. f3 c6 19. Nf1 Nb7 20. Ne3 Kd8 21. Kf2 Kc7 22. Kg2 Bh7
23. dxc6 dxc6 24. Nf5 Bxf5 25. exf5 f6 26. Rhd1 Rad8 27. f4 Rhe8 28. fxe5 Bxe5
29. Bxe5+ Qxe5 30. Qxe5+ Rxe5 31. Rxd8 Kxd8 32. Kf2 Nd6 33. Re1 Rxe1 34. Kxe1 a4
35. bxa4 Nxc4 36. Bd1 Ne3 37. Bxh5 Nxf5 38. Bg6 Nd6 39. Kd2 Ke7 40. Kc3 Ke6 41.
Kb3 Kd5 42. g4 Kd4 43. Bc2 Nc4 44. g5 fxg5 45. hxg5 c5 46. g6 Nd2+ 47. Kb2 Nc4+
48. Kb3 Nd2+ 49. Kb2 c4 50. Bf5 Nb3 51. Bd7 Kd3 52. Bh3 Kd2 0-1

[Event "Aeroflot Open A"]
[Site "Moscow RUS"]
[Date "2011.02.13"]
[Round "6"]
[White "Edouard, Romain"]
[Black "Novikov, Stanislav"]
[Result "1-0"]
[WhiteTitle "GM"]
[BlackTitle "GM"]
[WhiteElo "2634"]
[BlackElo "2568"]
[WhiteFideId "633429"]
[BlackFideId "4125371"]
[EventDate "2011.02.08"]

1. d4 g6 2. e4 Bg7 3. c4 d6 4. Nc3 c6 5. Nf3 a6 6. Be2 b5 7. O-O Nd7 8. Bg5 Bb7
9. a3 Qb8 10. cxb5 cxb5 11. Re1 Ngf6 12. e5 Nd5 13. Nxd5 Bxd5 14. Qd2 dxe5 15.
dxe5 e6 16. Qb4 Bf8 17. Qh4 h6 18. Bd2 Bg7 19. Bb4 g5 20. Qh5 Qb7 21. Rad1 Rc8
22. h4 gxh4 23. Nxh4 Bf8 24. Bf3 Bxf3 25. Nxf3 Rg8 26. Rd3 Nc5 27. Rc3 Nd7 28.
Rxc8+ Qxc8 29. Bxf8 Nxf8 30. Nd2 Qc6 31. Ne4 Rg6 32. Qf3 Ke7 33. a4 Nd7 34. axb5
axb5 35. Qa3+ Ke8 36. Nd6+ Kf8 37. Nf5+ b4 38. Qxb4+ Qc5 39. Rc1 1-0

[Event "Aeroflot Open A"]
[Site "Moscow RUS"]
[Date "2011.02.13"]
[Round "6"]
[White "Maletin, Pavel"]
[Black "Kosteniuk, Alexandra"]
[Result "1-0"]
[WhiteTitle "GM"]
[BlackTitle "GM"]
[WhiteElo "2621"]
[BlackElo "2498"]
[WhiteFideId "4146786"]
[BlackFideId "4128125"]
[EventDate "2011.02.08"]

1. Nf3 d5 2. c4 e6 3. g3 dxc4 4. Bg2 Nf6 5. Qa4+ c6 6. Qxc4 b5 7. Qc2 Bb7 8. O-O
c5 9. a4 b4 10. a5 Be7 11. d3 O-O 12. Bg5 Nc6 13. Bxf6 Bxf6 14. a6 Nd4 15. Nxd4
Bxg2 16. Nxe6 fxe6 17. Kxg2 Qd4 18. Nd2 Qxb2 19. Qxb2 Bxb2 20. Ra5 Rac8 21. Rb1
Bd4 22. Ne4 c4 23. Rxb4 c3 24. Ra1 c2 25. Rc1 Rxf2+ 26. Nxf2 Be3 27. Rxc2 Rxc2
28. Rb8+ Kf7 29. Rb7+ Kg6 30. Kf3 Bb6 31. Ng4 Rc5 32. Ke4 Ra5 33. Ne5+ Kh6 34.
Re7 Rxa6 35. Rxe6+ g6 36. Ng4+ Kg5 37. Kf3 Ra5 38. e4 Bd4 39. Re7 h6 40. h4+ 1-0

[Event "Aeroflot Open A"]
[Site "Moscow RUS"]
[Date "2011.02.13"]
[Round "6"]
[White "Deviatkin, Andrei"]
[Black "Alsina Leal, Daniel"]
[Result "1-0"]
[WhiteTitle "GM"]
[BlackTitle "GM"]
[WhiteElo "2573"]
[BlackElo "2531"]
[WhiteFideId "4121260"]
[BlackFideId "2252627"]
[EventDate "2011.02.08"]

1. e4 c5 2. Nf3 d6 3. d4 cxd4 4. Nxd4 Nf6 5. f3 e5 6. Nb3 Be7 7. c4 a5 8. Be3 a4
9. N3d2 Qa5 10. Na3 O-O 11. Bd3 Be6 12. O-O Bd8 13. Nb5 Bb6 14. Qe2 Bxe3+ 15.
Qxe3 Na6 16. Rfc1 Rfd8 17. Be2 Qb4 18. Rd1 Qc5 19. Nf1 Ne8 20. Qxc5 dxc5 21. Ne3
Nb4 22. Rxd8 Rxd8 23. Nd5 Nxd5 24. cxd5 Bd7 25. Rc1 b6 26. Na7 Nd6 27. Nc6 Bxc6
28. dxc6 Kf8 29. Rd1 Ke7 30. Rd5 f6 31. Bd1 a3 32. bxa3 Rc8 33. Ba4 Ra8 34. Bd1
Rc8 35. Ba4 b5 36. Bd1 Rxc6 37. a4 b4 38. a5 c4 39. Ba4 Rc8 40. a6 c3 41. Ra5
Nc4 42. Rb5 Na3 43. Rxb4 c2 44. Rb7+ Kd6 45. Bxc2 Nxc2 46. a7 Ra8 47. Rxg7 h5
48. a4 Nd4 49. Rf7 Ke6 50. Rc7 f5 51. exf5+ Nxf5 52. Kf2 Ne7 53. h4 Kd6 54. Rb7
Nd5 55. a5 Ne7 56. g4 Nc6 57. gxh5 Nxa7 58. h6 Nc6 59. h7 Nxa5 60. Ra7 Rh8 61.
Rxa5 Rxh7 62. Ra6+ Kd5 63. Kg3 Rg7+ 64. Kh3 Rf7 65. Kg4 Rg7+ 66. Kf5 Rg3 67. f4
exf4 68. Kxf4 Rg1 69. h5 Rf1+ 70. Kg5 Ke5 71. Kg6 Rg1+ 72. Kf7 Rf1+ 73. Kg7 Rg1+
74. Rg6 Ra1 75. Rf6 Ra7+ 76. Rf7 Ra1 77. h6 Ke4 1-0

[Event "Aeroflot Open A"]
[Site "Moscow RUS"]
[Date "2011.02.13"]
[Round "6"]
[White "Huschenbeth, Niclas"]
[Black "Fier, Alexandr"]
[Result "0-1"]
[WhiteTitle "IM"]
[BlackTitle "GM"]
[WhiteElo "2450"]
[BlackElo "2571"]
[WhiteFideId "24604747"]
[BlackFideId "2107139"]
[EventDate "2011.02.08"]

1. e4 c5 2. Nf3 e6 3. d4 cxd4 4. Nxd4 Nc6 5. Nc3 Qc7 6. Be3 a6 7. Qd2 Nf6 8.
O-O-O Be7 9. f3 O-O 10. g4 b5 11. g5 Nh5 12. Nce2 Rd8 13. Ng3 Nxd4 14. Qxd4 Nf4
15. Kb1 Ng6 16. Qb6 Qxb6 17. Bxb6 Re8 18. h4 d5 19. exd5 exd5 20. Nh5 Bd6 21.
Bd4 Be5 22. Bxe5 Nxe5 23. Be2 Nc4 24. Rxd5 Bb7 25. Bxc4 bxc4 26. Rf5 Re3 27. Rf1
Rae8 28. b4 c3 29. a3 Re1+ 30. Rxe1 Rxe1+ 31. Ka2 Bc8 0-1

[Event "Aeroflot Open A"]
[Site "Moscow RUS"]
[Date "2011.02.13"]
[Round "6"]
[White "Oleksienko, Mikhailo"]
[Black "Hammer, Jon Ludvig"]
[Result "1/2-1/2"]
[WhiteTitle "GM"]
[BlackTitle "GM"]
[WhiteElo "2552"]
[BlackElo "2647"]
[WhiteFideId "4152417"]
[BlackFideId "1503707"]
[EventDate "2011.02.08"]

1. e4 e5 2. Nf3 Nc6 3. Bc4 Bc5 4. c3 Nf6 5. d4 exd4 6. e5 d5 7. Bb5 Ne4 8. cxd4
Bb6 9. Nc3 O-O 10. Be3 f5 11. exf6 Nxc3 12. bxc3 Qxf6 13. O-O Bg4 14. Be2 Bxf3
15. Bxf3 Ne7 16. Qd3 c6 17. Bd1 Bc7 18. Bc2 Qh4 19. g3 Qh3 20. Rae1 Rf3 21. Qe2
Raf8 22. Bd1 Nc8 23. Qxf3 Rxf3 24. Bxf3 Ba5 25. Rb1 Nb6 26. c4 dxc4 27. d5 Qf5
28. Bg2 Nxd5 29. Rxb7 Bb6 30. Bxb6 axb6 31. Re1 Kf8 32. Bxd5 Qxd5 33. Rxb6 c3
34. Rbb1 Qxa2 35. Rbc1 Qd2 36. Rcd1 Qb2 37. Rb1 1/2-1/2

[Event "Aeroflot Open A"]
[Site "Moscow RUS"]
[Date "2011.02.13"]
[Round "6"]
[White "Savchenko, Boris"]
[Black "Roussel-Roozmon, Thomas"]
[Result "1-0"]
[WhiteTitle "GM"]
[BlackTitle "GM"]
[WhiteElo "2637"]
[BlackElo "2500"]
[WhiteFideId "4147332"]
[BlackFideId "2603659"]
[EventDate "2011.02.08"]

1. c4 c6 2. Nf3 d5 3. d4 Nf6 4. Nc3 a6 5. cxd5 cxd5 6. Bf4 Nc6 7. Rc1 Bf5 8. e3
Rc8 9. Be2 e6 10. O-O Bd6 11. Bxd6 Qxd6 12. Na4 O-O 13. Nc5 Rc7 14. Qa4 Rfc8 15.
Rc3 Ne4 16. Nxe4 Bxe4 17. Rfc1 Bxf3 18. gxf3 e5 19. dxe5 Qxe5 20. Qh4 Qe6 21.
Bf1 Re8 22. Qg3 Ree7 23. a4 g6 24. b4 Rcd7 25. b5 axb5 26. axb5 Na5 27. Bh3 f5
28. e4 dxe4 29. fxe4 Qxe4 30. Rc8+ Kf7 31. Qc3 b6 32. Qh8 Qe5 33. Rf8+ Ke6 34.
Qg8+ Kd6 35. Bg2 Qe6 36. Rf6 1-0

[Event "Aeroflot Open A"]
[Site "Moscow RUS"]
[Date "2011.02.13"]
[Round "6"]
[White "Ju, Wenjun"]
[Black "Iturrizaga, Eduardo"]
[Result "0-1"]
[WhiteTitle "WGM"]
[BlackTitle "GM"]
[WhiteElo "2514"]
[BlackElo "2611"]
[WhiteFideId "8603006"]
[BlackFideId "3901211"]
[EventDate "2011.02.08"]

1. d4 Nf6 2. c4 e6 3. Nc3 Bb4 4. f3 d5 5. a3 Bxc3+ 6. bxc3 c6 7. e3 b6 8. Bd3
Ba6 9. cxd5 Bxd3 10. Qxd3 cxd5 11. e4 Nc6 12. Bg5 h6 13. Bh4 Na5 14. Ne2 Nc4 15.
O-O g5 16. Bf2 Qd7 17. a4 a5 18. exd5 Qxd5 19. Rfd1 Qc6 20. Ng3 Nd5 21. Ne4 Rc8
22. Bg3 O-O 23. Be5 f5 24. Ng3 Nxe5 25. dxe5 Qxc3 26. Qe2 Qc5+ 27. Qf2 Qxf2+ 28.
Kxf2 Rc2+ 29. Kg1 Rfc8 30. Nf1 Re2 31. Re1 Rxe1 32. Rxe1 Rc4 33. Ne3 Nxe3 34.
Rxe3 Rxa4 35. Rc3 b5 36. Rc6 Kf7 37. Rc7+ Ke8 38. Rb7 Rb4 39. Ra7 a4 40. Kf2 Rb3 0-1

[Event "Aeroflot Open A"]
[Site "Moscow RUS"]
[Date "2011.02.13"]
[Round "6"]
[White "Pogonina, Natalija"]
[Black "Zhao, Jun"]
[Result "0-1"]
[WhiteTitle "WGM"]
[BlackTitle "GM"]
[WhiteElo "2472"]
[BlackElo "2599"]
[WhiteFideId "4147855"]
[BlackFideId "8602522"]
[EventDate "2011.02.08"]

1. e4 c5 2. Nf3 d6 3. d4 cxd4 4. Nxd4 Nf6 5. Nc3 a6 6. Be2 e5 7. Nb3 Be7 8. O-O
O-O 9. Re1 Be6 10. Bf3 Nbd7 11. a4 Qc7 12. Nd2 Qa5 13. Nf1 b5 14. Ne3 b4 15.
Ncd5 Bxd5 16. exd5 Rfc8 17. b3 Bd8 18. Bb2 Bb6 19. Nf5 Qc5 20. Ne7+ Kf8 21. Nxc8
Qxf2+ 22. Kh1 Rxc8 23. Re2 Qh4 24. g3 Qg5 25. Qd3 a5 26. Rf1 Qg6 27. Qxg6 hxg6
28. g4 Ng8 29. Bg2 Ne7 30. g5 f5 31. gxf6 gxf6 32. Be4 Kf7 33. Bd3 Bc5 34. c3
Nxd5 35. cxb4 Nxb4 36. Bc4+ Ke7 37. Bc3 Rh8 38. Rg2 g5 39. Bd2 Rh5 40. Be2 Rh7
41. Bg4 Nf8 42. Rc1 Ne6 43. Bxb4 axb4 44. Bf5 Rh4 45. Bxe6 Kxe6 46. a5 Rh7 47.
a6 Ra7 48. Ra2 e4 49. Kg2 f5 50. Ra5 Ke5 51. Rc4 Kf4 52. Ra1 Ke3 53. Re1+ Kd2
54. Ra1 e3 55. Ra2+ Kd3 56. Kf1 f4 57. Ra1 e2+ 58. Kg2 Ke3 0-1

[Event "Aeroflot Open A"]
[Site "Moscow RUS"]
[Date "2011.02.13"]
[Round "6"]
[White "Mamedov, Nidjat"]
[Black "Geller, Jakov"]
[Result "1-0"]
[WhiteTitle "GM"]
[BlackTitle "IM"]
[WhiteElo "2580"]
[BlackElo "2544"]
[WhiteFideId "13400819"]
[BlackFideId "4151984"]
[EventDate "2011.02.08"]

1. e4 c5 2. Nf3 e6 3. d4 cxd4 4. Nxd4 Nc6 5. Nc3 Qc7 6. Be3 a6 7. Qd2 Nf6 8.
O-O-O Bb4 9. f3 Ne5 10. Nb3 b5 11. Qe1 Be7 12. f4 Ng6 13. e5 Ng4 14. Ne4 Nxe3
15. Qxe3 O-O 16. h4 Bb7 17. Nd6 Nxh4 18. Nxb7 Qxb7 19. Bd3 f5 20. exf6 Bxf6 21.
g4 Be7 22. Be4 Qa7 23. Qd3 Rac8 24. Qxd7 Qxd7 25. Rxd7 Bd8 26. Bb7 Rc4 27. Nd4 1-0

[Event "Aeroflot Open A"]
[Site "Moscow RUS"]
[Date "2011.02.13"]
[Round "6"]
[White "Sethuraman, S.P."]
[Black "Zhigalko, Andrey"]
[Result "1/2-1/2"]
[WhiteTitle "IM"]
[BlackTitle "GM"]
[WhiteElo "2545"]
[BlackElo "2566"]
[WhiteFideId "5021596"]
[BlackFideId "13502247"]
[EventDate "2011.02.08"]

1. d4 Nf6 2. c4 g6 3. g3 Bg7 4. Bg2 d5 5. cxd5 Nxd5 6. Nf3 Nb6 7. Nc3 Nc6 8. e3
O-O 9. O-O Re8 10. Re1 a5 11. Qe2 Be6 12. Nd2 Nb4 13. Rd1 c6 14. a3 N4d5 15.
Nce4 Bf5 16. Nc5 e5 17. dxe5 Qe7 18. Nd3 Bxd3 19. Qxd3 Qxe5 20. Nf3 Qe7 21. Qc2
Qe4 22. Qxe4 Rxe4 23. Ne1 Re7 24. Rb1 Nc7 25. e4 Ne6 26. b3 Nd4 27. Be3 Rd7 28.
a4 Rad8 29. Rd2 Ne6 30. Rxd7 Nxd7 31. Rd1 Kf8 32. Bf1 1/2-1/2

[Event "Aeroflot Open A"]
[Site "Moscow RUS"]
[Date "2011.02.13"]
[Round "6"]
[White "Khader, Sami"]
[Black "Kovalenko, Igor"]
[Result "0-1"]
[WhiteTitle "IM"]
[BlackTitle "IM"]
[WhiteElo "2450"]
[BlackElo "2515"]
[WhiteFideId "8100500"]
[BlackFideId "14117908"]
[EventDate "2011.02.08"]

1. d4 Nf6 2. c4 g6 3. Nc3 d5 4. cxd5 Nxd5 5. e4 Nxc3 6. bxc3 Bg7 7. Bc4 c5 8.
Ne2 O-O 9. O-O Nc6 10. Be3 Qc7 11. Rb1 Rd8 12. Qc1 Na5 13. Bb5 b6 14. Rd1 Bb7
15. d5 e6 16. c4 Rd6 17. Ng3 Rf8 18. Re1 e5 19. f4 f5 20. exf5 gxf5 21. fxe5
Bxe5 22. Bf4 Rxd5 23. Rxe5 Rxe5 24. Qc3 Re1+ 25. Qxe1 Qxf4 26. Qe6+ Kh8 27. Rd1
Be4 28. Kh1 Qg4 29. Rf1 Qg8 30. Qe5+ Qg7 31. Qf4 Rg8 32. Rd1 Qb2 33. Rg1 Qd4 34.
Ne2 Qg7 35. Ng3 Qe7 36. Rd1 Qg5 37. Qe5+ Qg7 38. Qf4 Nb7 39. Rg1 Qd4 40. Ne2 Qd6
41. Qf2 Qd2 42. h3 Nd6 43. Bd7 Rg7 44. Be6 Re7 45. Qf4 Qxf4 46. Nxf4 Kg7 47. Rd1
Kf6 48. Bd5 Ke5 49. Nd3+ Kd4 50. Nb4+ Kc3 51. Nc6 Rg7 52. Ne5 Bxd5 53. Rd3+ Kb4
54. a3+ Ka4 55. Rxd5 Ne4 56. Kg1 Kxa3 57. Nf3 f4 58. Rf5 Ng3 59. Rf8 Kb4 60. Ne5
Kc3 61. Kf2 Ne4+ 62. Ke1 Rxg2 63. Rxf4 Rg1+ 64. Ke2 Ng3+ 65. Kf2 Rf1+ 66. Kxg3
Rxf4 67. Kxf4 a5 68. Ke3 a4 69. Nd3 a3 70. Nc1 Kb2 71. Kd2 a2 0-1

[Event "Aeroflot Open A"]
[Site "Moscow RUS"]
[Date "2011.02.13"]
[Round "6"]
[White "Vocaturo, Daniele"]
[Black "Paikidze, Nazi"]
[Result "0-1"]
[WhiteTitle "GM"]
[BlackTitle "WGM"]
[WhiteElo "2570"]
[BlackElo "2455"]
[WhiteFideId "813192"]
[BlackFideId "13603620"]
[EventDate "2011.02.08"]

1. e4 c6 2. d4 d5 3. e5 Bf5 4. Nd2 e6 5. g4 Bg6 6. Ne2 Ne7 7. Nf4 h5 8. gxh5 Bf5
9. Nb3 Nd7 10. Be3 Qc7 11. Qd2 a6 12. O-O-O c5 13. Nxc5 Nxc5 14. dxc5 Nc6 15.
Bd3 Qxe5 16. Rhe1 O-O-O 17. Bxf5 Qxf5 18. Ne2 e5 19. Ng3 Qe6 20. c3 d4 21. cxd4
exd4 22. Bg5 Qxa2 23. Bxd8 Bxc5 24. Qc2 Bb4 25. Bb6 Kb8 26. Qb1 Qc4+ 27. Qc2 Qa2
28. Ne4 Rc8 29. Nc5 Bxc5 30. Qxc5 Qa1+ 31. Kd2 Qxb2+ 32. Qc2 Qxb6 33. Qf5 Qb2+
34. Qc2 Qb4+ 35. Ke2 Ne5 36. Qe4 Qb5+ 0-1

[Event "Aeroflot Open A"]
[Site "Moscow RUS"]
[Date "2011.02.14"]
[Round "7"]
[White "Kobalia, Mikhail"]
[Black "Le, Quang Liem"]
[Result "0-1"]
[WhiteTitle "GM"]
[BlackTitle "GM"]
[WhiteElo "2666"]
[BlackElo "2664"]
[WhiteFideId "4119150"]
[BlackFideId "12401137"]
[EventDate "2011.02.08"]

1. c4 e5 2. Nc3 Nc6 3. g3 Nf6 4. Bg2 Bb4 5. Nf3 O-O 6. O-O d6 7. d3 Bxc3 8. bxc3
h6 9. Ne1 e4 10. Nc2 Re8 11. Rb1 b6 12. Bf4 Bb7 13. Nd4 Qd7 14. Nxc6 Bxc6 15.
Qd2 Re7 16. d4 Bb7 17. c5 Ba6 18. Rfd1 Nd5 19. Be3 Bc4 20. Qc2 Qg4 21. cxd6 cxd6
22. Re1 Nxe3 23. fxe3 d5 24. Rb2 Rc8 25. Rf1 Rc6 26. Qa4 Rec7 27. Rc2 g5 28. Kf2
h5 0-1

[Event "Aeroflot Open A"]
[Site "Moscow RUS"]
[Date "2011.02.14"]
[Round "7"]
[White "Kasimdzhanov, Rustam"]
[Black "Vitiugov, Nikita"]
[Result "1/2-1/2"]
[WhiteTitle "GM"]
[BlackTitle "GM"]
[WhiteElo "2681"]
[BlackElo "2709"]
[WhiteFideId "14200244"]
[BlackFideId "4152956"]
[EventDate "2011.02.08"]

1. d4 Nf6 2. c4 e6 3. Nf3 d5 4. Nc3 Bb4 5. cxd5 exd5 6. Bg5 h6 7. Bxf6 Qxf6 8.
Qb3 c5 9. a3 Bxc3+ 10. Qxc3 b6 11. e3 O-O 12. dxc5 Qxc3+ 13. bxc3 bxc5 14. O-O-O
Be6 15. c4 dxc4 16. Ne5 c3 17. Kc2 Rc8 18. Rd6 Kf8 19. Be2 a6 20. Rhd1 Ra7 21.
Bf3 Rac7 22. Ng6+ Ke8 23. Nf4 Bd7 24. Kxc3 Ba4 25. Rb1 Ra7 26. Rb7 Rxb7 27. Bxb7
Rc7 28. Bxa6 Bc6 29. Bc4 Ra7 30. Kb3 Ke7 31. Rd2 Nd7 32. Nd5+ Ke8 33. f4 f5 34.
g3 g6 35. Rd3 h5 36. Rd2 Rb7+ 37. Ka2 Ra7 38. Nc3 Nb6 39. Bb3 Ke7 40. h4 Ra8 41.
Rd1 Ra7 42. Rd2 Ra8 43. e4 fxe4 44. Re2 Kf8 45. Nxe4 1/2-1/2

[Event "Aeroflot Open A"]
[Site "Moscow RUS"]
[Date "2011.02.14"]
[Round "7"]
[White "Tomashevsky, Evgeny"]
[Black "Khismatullin, Denis"]
[Result "1/2-1/2"]
[WhiteTitle "GM"]
[BlackTitle "GM"]
[WhiteElo "2695"]
[BlackElo "2649"]
[WhiteFideId "4147235"]
[BlackFideId "4142578"]
[EventDate "2011.02.08"]

1. d4 Nf6 2. c4 e6 3. Nf3 d5 4. Nc3 c5 5. cxd5 Nxd5 6. g3 Nxc3 7. bxc3 cxd4 8.
cxd4 Bb4+ 9. Bd2 Bxd2+ 10. Qxd2 Bd7 11. Bg2 Bc6 12. O-O O-O 13. Qf4 Nd7 14. e4
Qa5 15. Rfe1 Rad8 16. Qe3 Rfe8 17. h4 Qa4 18. Rad1 Nb6 1/2-1/2

[Event "Aeroflot Open A"]
[Site "Moscow RUS"]
[Date "2011.02.14"]
[Round "7"]
[White "Zhou, Jianchao"]
[Black "Jakovenko, Dmitry"]
[Result "1/2-1/2"]
[WhiteTitle "GM"]
[BlackTitle "GM"]
[WhiteElo "2655"]
[BlackElo "2718"]
[WhiteFideId "8603537"]
[BlackFideId "4122356"]
[EventDate "2011.02.08"]

1. d4 d5 2. c4 c6 3. Nf3 Nf6 4. Nc3 e6 5. e3 a6 6. b3 Bb4 7. Bd2 Nbd7 8. Bd3 O-O
9. O-O Bd6 10. Qc2 h6 11. Rae1 Re8 12. c5 Bc7 13. e4 e5 14. exd5 cxd5 15. dxe5
Nxe5 16. Nxe5 Rxe5 17. Ne2 d4 18. Ng3 Be6 19. Rxe5 Bxe5 20. Re1 Qc7 21. Qc1 Nd7
22. b4 Nf8 23. f4 Bf6 24. Nh5 Bh4 25. Rf1 f5 26. Be1 Bxe1 27. Rxe1 Rd8 28. a3
Kh8 29. Ng3 Qf7 30. c6 Rc8 31. Qc5 Rxc6 32. Qxd4 Ng6 33. h4 Qd7 34. Qxd7 Bxd7
35. Bxf5 Bxf5 36. Nxf5 Nxf4 37. Re8+ Kh7 38. Re7 Kg6 39. Nd4 Rc3 40. Rxb7 Rxa3
41. Kf2 Kf6 42. g3 Nd5 43. b5 axb5 1/2-1/2

[Event "Aeroflot Open A"]
[Site "Moscow RUS"]
[Date "2011.02.14"]
[Round "7"]
[White "Vachier-Lagrave, Maxime"]
[Black "Sandipan, Chanda"]
[Result "1/2-1/2"]
[WhiteTitle "GM"]
[BlackTitle "GM"]
[WhiteElo "2715"]
[BlackElo "2641"]
[WhiteFideId "623539"]
[BlackFideId "5004225"]
[EventDate "2011.02.08"]

1. d4 d5 2. c4 c6 3. Nf3 Nf6 4. Nc3 e6 5. Bg5 h6 6. Bh4 dxc4 7. e4 g5 8. Bg3 b5
9. Be2 Bb7 10. Ne5 Nbd7 11. Qc2 Bg7 12. Rd1 Qe7 13. h4 a6 14. hxg5 hxg5 15.
Rxh8+ Bxh8 16. Nxd7 Nxd7 17. e5 c5 18. Ne4 Bxe4 19. Qxe4 Rd8 20. Qh7 Qf8 21. d5
Nxe5 22. dxe6 Rxd1+ 23. Kxd1 Qg7 24. Qe4 fxe6 25. Bh5+ Ke7 26. Qa8 Qh7 27. Qe8+
Kf6 28. Kc1 Qg7 29. f3 Kf5 30. Kc2 Nxf3 31. Bxf3 Qxb2+ 32. Kd1 Qb1+ 33. Ke2 Qd3+
34. Kf2 Bd4+ 35. Ke1 Bc3+ 36. Kf2 Bd4+ 1/2-1/2

[Event "Aeroflot Open A"]
[Site "Moscow RUS"]
[Date "2011.02.14"]
[Round "7"]
[White "Volokitin, Andrei"]
[Black "Yu, Yangyi"]
[Result "0-1"]
[WhiteTitle "GM"]
[BlackTitle "GM"]
[WhiteElo "2678"]
[BlackElo "2607"]
[WhiteFideId "14107090"]
[BlackFideId "8603820"]
[EventDate "2011.02.08"]

1. e4 c5 2. Nf3 d6 3. d4 cxd4 4. Nxd4 Nf6 5. Nc3 a6 6. Be3 e6 7. g4 e5 8. Nf5 h5
9. g5 Nxe4 10. Nxg7+ Bxg7 11. Nxe4 d5 12. Ng3 d4 13. Bd2 Nc6 14. Ne4 Bg4 15. Be2
Bxe2 16. Qxe2 Qd5 17. f4 O-O-O 18. f5 Bf8 19. a3 d3 20. Qxd3 Nd4 21. O-O-O Qa2
22. Nc3 Qa1+ 23. Nb1 Kb8 24. Rhe1 Bd6 25. Bc3 Nb5 26. Ba5 Rd7 27. Bb4 Rhd8 28.
Qe4 Nd4 29. Bxd6+ Rxd6 30. Rd3 Ka8 31. Ree3 Rc8 32. Rc3 Ne2+ 33. Rxe2 Rxc3 34.
Qxe5 Rd1+ 35. Kxd1 Qxb1+ 36. Kd2 Rxc2+ 37. Ke3 Qg1+ 38. Kf3 Qf1+ 39. Kg3 Qxe2
40. Qh8+ Ka7 41. Qd4+ Kb8 0-1

[Event "Aeroflot Open A"]
[Site "Moscow RUS"]
[Date "2011.02.14"]
[Round "7"]
[White "Cheparinov, Ivan"]
[Black "Salgado Lopez, Ivan"]
[Result "1-0"]
[WhiteTitle "GM"]
[BlackTitle "GM"]
[WhiteElo "2665"]
[BlackElo "2626"]
[WhiteFideId "2905540"]
[BlackFideId "2257327"]
[EventDate "2011.02.08"]

1. d4 Nf6 2. c4 e6 3. Nf3 c5 4. d5 b5 5. Bg5 Qa5+ 6. Nbd2 bxc4 7. Bxf6 gxf6 8.
e4 Rg8 9. g3 Rg4 10. Be2 Rxe4 11. O-O Rxe2 12. Nxc4 Qa6 13. Qxe2 Bb7 14. Rad1
Qxa2 15. Rfe1 Qa4 16. b3 Qb4 17. Qd3 a6 18. dxe6 fxe6 19. Rxe6+ dxe6 20. Qd8+
Kf7 21. Ng5+ Kg6 22. Nxe6 Qxb3 23. Nxf8+ Kh5 24. Ne5 Bf3 25. Nxf3 Qxf3 26. Rd5+
Kh6 27. Qe7 1-0

[Event "Aeroflot Open A"]
[Site "Moscow RUS"]
[Date "2011.02.14"]
[Round "7"]
[White "Ding, Liren"]
[Black "Grachev, Boris"]
[Result "1/2-1/2"]
[WhiteTitle "GM"]
[BlackTitle "GM"]
[WhiteElo "2628"]
[BlackElo "2660"]
[WhiteFideId "8603677"]
[BlackFideId "4129199"]
[EventDate "2011.02.08"]

1. d4 d5 2. c4 e6 3. Nf3 Nf6 4. Nc3 Be7 5. Bf4 O-O 6. e3 c5 7. dxc5 Bxc5 8. a3
Nc6 9. Qc2 Bd7 10. Rd1 Rc8 11. cxd5 exd5 12. Be2 Be6 13. O-O Qe7 14. Na4 Bd6 15.
Bxd6 Qxd6 16. Nc3 a6 17. Rd2 Qe7 18. Qa4 h6 19. Rfd1 Rc7 20. h3 Rfc8 21. Qf4 Nh5
22. Qh2 Nf6 23. Qf4 Nh5 24. Qh2 Nf6 25. Nd4 Nxd4 26. Rxd4 Ne4 27. Nxe4 dxe4 28.
Rxe4 1/2-1/2